000 00955cab a2200325 4500
001 ABS51384
008 090401t1994 xxu||||| |||| 00| 0 eng d
035 _a(Sirsi) u24238
041 _aeng
245 _aGreater Manchester
260 _c1994
300 _aLOAN
350 _a0
490 _aInvestors Chronicle
_v30 September 1994, (80)
650 _aCENTRAL MANCHESTER DEVELOPMENT CORPORATION
650 _aFINANCIAL CENTRES
650 _aHULME
650 _aINDUSTRIAL MARKET
650 _aMANCHESTER AIRPORT
650 _aMANCHESTER SCIENCE PARK
650 _aMANCHESTER
650 _aMETROLINK
650 _aPROPERTY-COMMERCIAL PROPERTY-OFFICE PROPERTY-OFFICE PROPERTY MARKET
650 _aPROPERTY-COMMERCIAL PROPERTY-RETAIL PROPERTY-RETAIL PROPERTY MARKET
650 _aURBAN REGENERATION
650 _aWIGAN
690 _aPROPERTY-COMMERCIAL PROPERTY-COMMERCIAL PROPERTY MARKET
942 _n0
948 _c04/03/1997
999 _c16242
_d16242